Correlation power analysis on public datasets

Na minha lista:
Detalhes bibliográficos
Autor principal: Baran, Patrik (Author)
Outros Autores: Hou, Xiaolu (Thesis advisor)
Formato: Manuscrito Livro
Idioma:eslovaco
inglês
Publicado em: 2025
Assuntos:
Acesso em linha:http://is.stuba.sk/zp/portal_zp.pl?podrobnosti=175225
Tags: Adicionar Tag
Sem tags, seja o primeiro a adicionar uma tag!

MARC

LEADER 00000ntm a22000003a 4500
001 stuzp102856
003 SK-STU
005 20250614211612.6
007 ta
008 150427s2015----xo-----f-mn---000-0-slo-d
040 |a STU  |b slo 
041 0 |a eng 
100 1 |a Baran, Patrik  |u 070400  |4 aut  |U FIIT Fakulta informatiky a informačných technológií  |T FIIT Ústav počítačového inžinierstva a aplikovanej informatiky  |X 120752  |U I400  |Y 672  |7 120752 
242 0 1 |a Korelačná analýza na verejných datasetoch  |y slo 
245 1 0 |a Correlation power analysis on public datasets 
260 |c 2025 
650 4 |a ASCAD  |2 eng 
650 4 |a side-channel analysis  |2 eng 
650 4 |a CPA  |2 eng 
650 4 |a Correlation power analysis  |2 eng 
650 4 |a AES  |2 eng 
650 4 |a ASCAD  |2 slo 
650 4 |a útoky postranných kanálov  |2 slo 
650 4 |a CPA  |2 slo 
650 4 |a AES  |2 slo 
650 4 |a korelačná analýza  |2 slo 
700 1 |a Hou, Xiaolu  |u 070400  |k Z2  |4 ths  |U FIIT Fakulta informatiky a informačných technológií  |T FIIT Ústav počítačového inžinierstva a aplikovanej informatiky  |X 114118  |U I400  |Y 672  |7 114118 
856 4 |u http://is.stuba.sk/zp/portal_zp.pl?podrobnosti=175225